00681nam a2200229Ia 4500003000900000008004100009040001300050040001300063041000800076100002000084245003700104250002000141260002800161260000900189300000900198300001200207490002600219490000600245942000700251999001300258952018000271IT-RoPAU120407s9999 xx 000 0 und d aIT-RoPAU cIT-RoPAU aita aTobias Smollett aTravels Through France and Italy aOxford New York aOxford University Press c1981 bill. c18,9 cm aThe world’s classic v1 cBK c370d370 00102ddc406820_30000000000000071aPAULUSbPAULUSd2012-04-11l0o820.3r2012-04-11 00:00:00w2012-04-11yBKzInserito da: In data: n.d. fondo: Via A.Severo 56 Progr:35599